000 00642nam a2200229 i 4500
001 bg
245 0 _aEinspritzhandbuch /
_cAutodata.
254 _a2101-1
260 _aBerkshire :
_bAutodata,
_c1992.
300 _a832 s. :
_brys. ;
_c30 cm.
490 1 _aAutodata Einspritzhandbücher / 1
501 _ap. Skowroński tel.232.
650 9 _aSamochody osobowe europejskie
650 9 _aSamochody osobowe japońskie
650 9 _aUkład paliwowo-wtryskowy
830 0 _aAutodata Einspritzhandbücher (1)
040 _cBPK
041 _ade
080 _a629.114:621.43
942 _cKA
008 s pl f |000 0 pol
999 _c24142
_d24142
856 _uhttp://koha.tu.koszalin.pl/cgi-bin/koha/opac-detail.pl?biblionumber=24142
_yKatalog online BPK